Kokumin shotoku to saiseisan /

Saved in:
Bibliographic Details
Main Author: Tsuru, Shigeto, 1912-
Format: Book
Language:Japanese
Published: Tōkyō : Kōdansha, Shōwa 50 [1975]
Series:Tsuru Shigeto chosakushū ; dai 2-kan.
Subjects:
Tags: Add Tag
No Tags, Be the first to tag this record!
LEADER 01127nam a2200313 i 4500
001 007743360-2
005 20024617115958.0
008 900816s1975 ja af b 001 0 jpn
010 |a 75808187 /J 
015 |a Ja*** 
035 0 |a ocm22230247 
040 |a DLC  |c WaU  |d *YNH*  |d CStRLIN 
050 0 |a HB54  |b .T76 vol. 2  |a HB501 
100 1 |6 880-01  |a Tsuru, Shigeto,  |d 1912- 
245 1 0 |6 880-02  |a Kokumin shotoku to saiseisan /  |c [Tsuru Shigeto]. 
260 |6 880-03  |a Tōkyō :  |b Kōdansha,  |c Shōwa 50 [1975] 
300 |a vii,598, 6 p., [1] leaf of plates :  |b ill. ;  |c 20 cm. 
490 1 |6 880-04  |a Tsuru Shigeto chosakushū ;  |v dai 2-kan 
504 |a Includes bibliographical references and index. 
650 0 |a Capital. 
650 0 |a National income. 
880 1 |6 100-01  |a 都留重人,  |d 1912- 
880 1 0 |6 245-02  |a 国民所得と再生産 /  |c [都留重人]. 
880 |6 260-03  |a 東京 :  |b 講談社,  |c 昭和50 [1975] 
880 1 |6 490-04  |a 都留重人著作集 ;  |v 第2卷 
830 0 |6 880-54  |a Tsuru Shigeto chosakushū ;  |v dai 2-kan. 
880 0 |6 830-54  |a 都留重人著作集 ;  |v 第2卷. 
988 |a 20021214 
906 |0 DLC